Proceso contencioso de Doña Catalina Ponce contra don Diego Cárdenas sobre la herencia de un mayorazgo

Detalles Bibliográficos
Otros Autores: Catalina Ponce, Diego Cárdenas
Formato: Libro
Publicado: s.l., s.f.
Materias:
Colección:Banco de datos
Acervo:Biblioteca Palafoxiana. Colección de Manuscritos
Descripción Física:2 f. ; 21.4 x 30 cm.
Tema general:Civil
LEADER 00467nam a22001570004500
035 |a 233 
245 1 0 |a Proceso contencioso de Doña Catalina Ponce contra don Diego Cárdenas sobre la herencia de un mayorazgo 
260 |a s.l., s.f. 
300 |a 2 f. ; 21.4 x 30 cm.  
650 1 0 |a Civil 
700 1 |a Catalina Ponce 
700 1 |a Diego Cárdenas 
949 |a 19259/000 
942 |c PALAMANU 
943 |g Biblioteca Palafoxiana. Colección de Manuscritos 
999 |c 1068178  |d 1068178